Houston Texans All Time Leaders - Statistics

General Stats
  • This quiz has been taken 74 times
  • The average score is 4 of 8
Answer Stats
Stat Num Answer Years % Correct
Sacks 101.0 J.J. Watt 2011-20
94%
ReceivingYards 13,597 Andre Johnson 2003-14
89%
PassingYards 23,221 Matt Schaub 2007-13
85%
RushingYards 6,472 Arian Foster 2009-15
82%
Interceptions 17 Johnathan Joseph 2011-19
39%
Solo Tackles 479 DeMeco Ryans 2006-11
34%
Field GoalsMade 172 Kris Brown 2002-09
10%
Total Points 767 Kris Brown 2002-09
10%
No matching quizzes found
Score Distribution
Percent of People with Each Score
Percentile by Number Answered
Your Score History
You have not taken this quiz